[Event "Profesional"]
[Site "SchemingMind.com"]
[Date "2009.08.12"]
[Round "-"]
[White "harijs"]
[Black "andu"]
[Result "1/2-1/2"]
[WhiteCountry "LAT"]
[BlackCountry "AUT"]
[WhiteElo "2032"]
[WhiteRD "108"]
[BlackElo "2029"]
[BlackRD "49"]
[GameID "215727"]

1. e4 c5 2. Nf3 e6 3. d4 cxd4 4. Nxd4 Nc6 5. Nc3 Nf6 6. Nxc6 bxc6 7. e5 Nd5 8. Nxd5 cxd5 9. Qd4 Ba6 10. Bxa6 Qa5+
11. Bd2 Qxa6 12. Qd3 Qb6 13. O-O Qxb2 14. Bc3 Qa3 15. Rab1 Bc5 16. Rb3 Qa4 17. Rfb1 O-O 18. Bb4 Bxb4 19. Rxb4 Qxa2 20. R4b2 Qa5
21. Rb7 Rac8 22. h3 Qa4 23. c3 a5 24. R7b5 f6 25. exf6 Rxf6 26. Qe3 Qc2 27. Rc1 Qa4 28. Rcb1 Rf7 29. Rb7 Qe4 30. Qb6 Qc2
31. Qa7 Rxc3 32. Ra1 h6 33. Rxd7 Rxd7 34. Qxd7 Qe4 35. Qd8+ Kh7 36. Qxa5 d4 37. Qb4 Rc2 38. Qa4 e5 39. Qd7 Qf4 40. Rf1 Re2
41. Qd5 Rc2 42. g3 Qf5 43. Kg2 Re2 44. g4 Qf4 45. Qf3 Qxf3+ 46. Kxf3 d3 47. Rd1 e4+ 48. Kf4 g5+ 49. Ke5 Kg6 50. Ra1 d2
51. Ra6+ Kf7 52. Rd6 Ke8 53. Kf5 Kf7 54. Rd7+ Ke8 55. Rd6 Ke7 56. Rd5 Kf7 57. Rd8 Ke7 58. Rd5 Kf8 59. Rd7=
1/2-1/2

[Event "Profesional"]
[Site "SchemingMind.com"]
[Date "2009.08.12"]
[Round "-"]
[White "andu"]
[Black "harijs"]
[Result "1/2-1/2"]
[WhiteCountry "AUT"]
[BlackCountry "LAT"]
[WhiteElo "1957"]
[WhiteRD "51"]
[BlackElo "2025"]
[BlackRD "115"]
[GameID "215729"]

1. d4 Nf6 2. c4 g6 3. Nc3 d6 4. Nf3 Bg7 5. e4 O-O 6. Be2 c5 7. d5 Nbd7 8. O-O a6 9. h3 h6 10. Be3 g5
11. Qd3 g4 12. hxg4 Nxg4 13. Bf4 Kh8 14. Qd2 Kh7 15. Nh4 Ndf6 16. Qc2 Nh5 17. Bd2 Be5 18. Nf3 Rg8 19. Nxe5 dxe5 20. Rfe1 Qd6
21. f3 Ngf6 22. Qb3 Ng3 23. Bd3 b6 24. a4 Nfh5 25. a5 bxa5 26. Qa4 Rb8 27. Rab1 Qg6 28. Qc6 Qg7 29. Qxc5 Nh1 30. Re2 Bh3
31. g4 Qf6 32. g5 Rxg5+ 33. Kh2 Qxf3 34. Bxg5 Qg3+ 35. Kxh1 Qf3+ 36. Kh2 Qg3+ 37. Kh1 Qf3+ 38. Kh2 Qg3+ 39. Kh1 Qf3+
1/2-1/2

[Event "Profesional"]
[Site "SchemingMind.com"]
[Date "2009.08.13"]
[Round "-"]
[White "MichaelDV"]
[Black "andu"]
[Result "1-0"]
[WhiteCountry "SWE"]
[BlackCountry "AUT"]
[WhiteElo "2412"]
[WhiteRD "69"]
[BlackElo "1957"]
[BlackRD "51"]
[GameID "215867"]

1. b3 e5 2. Bb2 Nc6 3. e3 Nf6 4. Bb5 Bd6 5. Na3 a6 6. Bxc6 dxc6 7. Nc4 Qe7 8. Nf3 e4 9. Nfe5 Be6 10. O-O O-O-O
11. f4 h5 12. Qe2 Bd5 13. h3 Kb8 14. Nxd6 cxd6 15. Nc4 Bxc4 16. bxc4 h4 17. Rfb1 Nh5 18. Qg4 Ng3 19. Qxg7 Rdg8 20. Qf6 Qxf6
21. Bxf6 Rh6 22. Bb2 Rhg6 23. Kf2 b6 24. Bc3 Ne2 25. g4 Nxc3 26. dxc3 Kc7 27. Rd1 Re6 28. a4 a5 29. Rd4 f6 30. Rg1 Rg7
31. g5 fxg5 32. Ke2 Kd7 33. Rg4 Reg6 34. fxg5 Rxg5 35. Rxg5 Rxg5 36. Rxe4 Rh5 37. Kd3 Rh8 38. Rg4 Rh7 39. Kd4 c5+ 40. Ke4 Re7+
41. Kf3 Rh7= 42. Rf4 Kc6 43. Kg4 Rg7+ 44. Kxh4 Rg2 45. Kh5 Kd7 46. h4 Rg3 47. Re4 Rg2 48. Kh6 Rxc2 49. h5 Rg2 50. Kh7 Kc6
51. Re7
1-0

[Event "Profesional"]
[Site "SchemingMind.com"]
[Date "2009.08.13"]
[Round "-"]
[White "MichaelDV"]
[Black "harijs"]
[Result "1-0"]
[WhiteCountry "SWE"]
[BlackCountry "LAT"]
[WhiteElo "2412"]
[WhiteRD "66"]
[BlackElo "2032"]
[BlackRD "108"]
[GameID "215868"]

1. d4 Nf6 2. Nf3 d5 3. c4 dxc4 4. e3 b5 5. a4 c6 6. axb5 cxb5 7. b3 a5 8. bxc4 b4 9. Ne5 Nbd7 10. Qa4 Ba6
11. Nd2 e6 12. Nb3 Bd6 13. Nc6 Qc7 14. c5 Bxh2 15. Bxa6 Rxa6 16. Nxb4 Ra8 17. Bd2 O-O 18. Nd3 Rfb8 19. Nbc1 Ng4 20. Ne2 Qd8
21. f3 Qh4+ 22. Kf1 Ndf6 23. fxg4 Nxg4 24. Qc6 a4 25. g3 Qg5 26. Kg2 a3 27. Qf3 a2 28. Nf2 Nxf2 29. Kxf2 Qg6 30. Rxh2 Qc2
31. Bc3 Ra3 32. Qf4 Rb1 33. Rh1 h6 34. Rc1 Rxc1 35. Rxc1 Qb1 36. Ba1 Rd3 37. Qe4 Rb3 38. Qc2 Rb8 39. c6 Qb5 40. Qxa2 Qf5+
41. Nf4 Rc8 42. c7 Qb5 43. Qc4 Qxc4 44. Rxc4
1-0

[Event "Profesional"]
[Site "SchemingMind.com"]
[Date "2009.08.13"]
[Round "-"]
[White "andu"]
[Black "MichaelDV"]
[Result "1/2-1/2"]
[WhiteCountry "AUT"]
[BlackCountry "SWE"]
[WhiteElo "2029"]
[WhiteRD "49"]
[BlackElo "2412"]
[BlackRD "66"]
[GameID "215870"]

1. e4 c5 2. Nf3 e6 3. Nc3 Nc6 4. d4 cxd4 5. Nxd4 Qc7 6. Ncb5 Qb8 7. Be3 Nf6 8. Bd3 a6 9. Nc3 Bd6 10. Nxc6 bxc6
11. Rb1 O-O 12. h3 Bb7 13. Bd4 Be5 14. Bxe5 Qxe5 15. O-O d5 16. Qe1 Nd7 17. f4 Qd4+ 18. Kh2 Nc5 19. Rd1 Qb4 20. Qf2 a5
21. a3 Qb6 22. Qd4 Rfd8 23. exd5 cxd5 24. Rf3 Qd6 25. Rg3 g6 26. Bb5 Qe7 27. Qe5 f6 28. Qe3 Kf7 29. Rd4 Rac8 30. Bd3 f5
31. Ne2 Ba6 32. Bxa6 Nxa6 33. c4 Nc5 34. cxd5 exd5 35. Qxe7+ Kxe7 36. Nc3 Ke6 37. Re3+ Ne4 38. Red3 Nxc3 39. bxc3 Rc5 40. c4 Rd6
41. Re3+ Kd7 42. cxd5 Rdxd5 43. Rxd5+ Rxd5 44. g4 a4 45. Kg3 Rb5 46. gxf5 gxf5 47. h4 Rb3 48. Kf2 Kd6 49. Re5 Rxa3 50. Rxf5 Ra1
51. Ra5 a3 52. Ra6+ Ke7 53. h5 a2 54. Kg2 Kf7 55. h6 Ke7 56. f5 Kf7 57. Kh2 Rf1 58. Rxa2= Rxf5 59. Ra6 Rf3 60. Kg2 Rb3
61. Rc6 Rd3=
1/2-1/2

[Event "Profesional"]
[Site "SchemingMind.com"]
[Date "2009.08.13"]
[Round "-"]
[White "harijs"]
[Black "MichaelDV"]
[Result "0-1"]
[WhiteCountry "LAT"]
[BlackCountry "SWE"]
[WhiteElo "1963"]
[WhiteRD "99"]
[BlackElo "2411"]
[BlackRD "68"]
[GameID "215871"]

1. e4 c5 2. Nf3 a6 3. d4 cxd4 4. Nxd4 Nf6 5. Nc3 e5 6. Nb3 Bb4 7. Bd2 O-O 8. Nd5 Bxd2+ 9. Qxd2 Nxe4 10. Qe3 Nf6
11. Bc4 Nxd5 12. Bxd5 Nc6 13. O-O d6 14. Rad1 Bg4 15. Rd2 Qc7 16. Qe4 Be6 17. Rfd1 Rad8 18. Qc4 Rfe8 19. a4 Bxd5 20. Qxd5 h6
21. Qe4 Re6 22. f3 Ne7 23. a5 d5 24. Qd3 Nc6 25. Qc3 Red6 26. Rd3 e4 27. fxe4 dxe4 28. Rxd6 Rxd6 29. Re1 f5 30. h3 Kh7
31. Qc5 Qd7 32. Qf2 Rd5 33. Nc5 Qd6 34. Na4 Rxa5 35. Nc3 Qe5 36. Kf1 Nd4 37. Qd2 Rc5 38. Rd1 Nb5 39. Nd5 Nc7 40. Nxc7 Qxc7
41. c3 Qh2 42. Re1 a5 43. Qd4 Rc6 44. Qg1 Qxg1+ 45. Kxg1 Rb6 46. Re2 g5 47. g4 Kg6 48. Kf2 a4 49. Ke3 f4+ 50. Kxe4 Re6+
51. Kf3 Rxe2 52. Kxe2 Kf6 53. Kd3 Ke5 54. c4 b6
0-1

[Event "Profesional"]
[Site "SchemingMind.com"]
[Date "2009.08.18"]
[Round "-"]
[White "marble"]
[Black "MichaelDV"]
[Result "0-1"]
[WhiteCountry "ENG"]
[BlackCountry "SWE"]
[WhiteElo "1825"]
[WhiteRD "70"]
[BlackElo "2411"]
[BlackRD "68"]
[GameID "216226"]

1. e4 c5 2. Nf3 a6 3. c3 e6 4. d4 d5 5. e5 Bd7 6. Bg5 Qb6 7. Qb3 Qxb3 8. axb3 cxd4 9. cxd4 Nc6 10. Nc3 Nb4
11. Rc1 Rc8 12. Be2 Ne7 13. O-O Nec6 14. Na4 b5 15. Nb6 Rb8 16. Nxd7 Kxd7 17. Bd2 Be7 18. h3 h6 19. g3 Rhc8 20. Bxb4 Nxb4
21. Rxc8 Rxc8 22. Bd1 Rc1 23. Be2 Rc2 24. Bd1 Rxb2 25. Ne1 Nc6 26. Nd3 Rd2 27. Nc5+ Bxc5 28. dxc5 Nxe5 29. b4 Nc6 30. Bf3 Nxb4
31. Rc1 Nc6 32. Kf1 a5 33. Ke1 Rd4 34. h4 a4 35. Be2 b4 36. Bb5 a3 37. Bxc6+ Kxc6 38. Ke2 Rc4
0-1

[Event "Profesional"]
[Site "SchemingMind.com"]
[Date "2009.08.19"]
[Round "-"]
[White "marble"]
[Black "andu"]
[Result "0-1"]
[WhiteCountry "ENG"]
[BlackCountry "AUT"]
[WhiteElo "1831"]
[WhiteRD "68"]
[BlackElo "2029"]
[BlackRD "49"]
[GameID "216227"]

1. e4 c5 2. Nf3 e6 3. d4 cxd4 4. Nxd4 Nf6 5. Nc3 a6 6. e5 Nd5 7. Nxd5 exd5 8. Nf3 Qc7 9. Qxd5 Qxc2 10. a3 Qc6
11. Qb3 d5 12. Be2 Bc5 13. O-O O-O 14. Qd3 Nd7 15. b4 Ba7 16. Ng5 g6 17. Bb2 Nb6 18. Rac1 Nc4 19. Bd4 Bf5 20. Qd1 b5
21. Nf3 Rfe8 22. Rc3 Qd7 23. Bxc4 dxc4 24. Bxa7 Qxd1 25. Rxd1 Rxa7 26. h3 Be4 27. Nd2 Rd7 28. Rcc1 Rxe5 29. Nxe4 Rxd1+ 30. Rxd1 Rxe4
31. Rd8+ Kg7 32. f3 Re1+ 33. Kf2 Ra1 34. a4 Rxa4
0-1

[Event "Profesional"]
[Site "SchemingMind.com"]
[Date "2009.08.18"]
[Round "-"]
[White "marble"]
[Black "harijs"]
[Result "1/2-1/2"]
[WhiteCountry "ENG"]
[BlackCountry "LAT"]
[WhiteElo "1825"]
[WhiteRD "70"]
[BlackElo "1963"]
[BlackRD "99"]
[GameID "216228"]

1. e4 d5 2. exd5 Qxd5 3. Nc3 Qd8 4. d4 Nf6 5. Nf3 e6 6. Bd3 c5 7. Be3 cxd4 8. Nxd4 h6 9. O-O Be7 10. Qf3 O-O
11. Rfd1 a6 12. Qg3 Bd6 13. Qh4 Be7 14. Qg3 Bd6 15. Qf3 Qc7 16. g3 Be5 17. Ne4 Nd5 18. Qg4 f5 19. Qh3 fxe4 20. Bxe4 Nc6
21. Nxe6 Bxe6 22. Qxe6+ Qf7 23. Qxf7+ Kxf7 24. Bxd5+ Ke8 25. Re1 Rd8 26. Rad1 Ne7 27. Bxb7 Bxb2 28. Bxa6 Bc3 29. Bb5+ Kf7 30. Bc4+ Kg6
31. Rf1 Ra8 32. Bd3+ Kf7 33. Bc4+ Kg6 34. Bc5 Rfc8 35. Bd3+ Kf7 36. Bc4+ Kg6 37. Rd6+ Bf6 38. Bd3+ Kf7=
1/2-1/2

[Event "Profesional"]
[Site "SchemingMind.com"]
[Date "2009.08.18"]
[Round "-"]
[White "MichaelDV"]
[Black "marble"]
[Result "1-0"]
[WhiteCountry "SWE"]
[BlackCountry "ENG"]
[WhiteElo "2412"]
[WhiteRD "66"]
[BlackElo "1831"]
[BlackRD "68"]
[GameID "216230"]

1. d4 Nf6 2. Nf3 g6 3. c4 Bg7 4. Nc3 d6 5. e4 O-O 6. Be2 e5 7. O-O Nbd7 8. Be3 Re8 9. d5 Nc5 10. Nd2 a5
11. a3 a4 12. Bxc5 dxc5 13. Nxa4 Qe7 14. Nc3 Bd7 15. Nb3 Ba4 16. Nxa4 Rxa4 17. Qd3 Bh6 18. Rfe1 Bg5 19. g3 h5 20. h4 Bh6
21. Nd2 Rd8 22. Nb1 c6 23. Nc3 Raa8 24. Kg2 b6 25. Qc2 cxd5 26. cxd5 b5 27. Bxb5 Nd7 28. Bxd7 Qxd7 29. a4 f5 30. exf5 gxf5
31. Rxe5 Rf8 32. Rae1 f4 33. Qg6+ Bg7 34. Re7 f3+ 35. Kg1
1-0

[Event "Profesional"]
[Site "SchemingMind.com"]
[Date "2009.08.19"]
[Round "-"]
[White "andu"]
[Black "marble"]
[Result "1-0"]
[WhiteCountry "AUT"]
[BlackCountry "ENG"]
[WhiteElo "2029"]
[WhiteRD "49"]
[BlackElo "1831"]
[BlackRD "68"]
[GameID "216231"]

1. e4 c5 2. Nf3 g6 3. d4 cxd4 4. Nxd4 Bg7 5. Be3 d6 6. Nc3 Nf6 7. Bb5+ Bd7 8. f3 O-O 9. O-O Nc6 10. Nxc6 bxc6
11. Bc4 Qc7 12. Qd2 Rfd8 13. Qf2 e6 14. Bg5 Rdb8 15. Rab1 d5 16. Bb3 Bc8 17. Rfd1 Ba6 18. Na4 Nd7 19. Be3 e5 20. exd5 cxd5
21. Bxd5 Bb7 22. Nc3 Bxd5 23. Nxd5 Qd8 24. c4 Rc8 25. Bxa7 Qa5 26. Ne7+ Kf8 27. Nxc8 Rxc8 28. Rxd7 Qxa2 29. Rc1 Qa4 30. Qd2 Ke8
31. Rd1 Bf6 32. b4 h6 33. Qd5 Be7 34. Rxe7+ Kxe7 35. Qxe5+ Kf8 36. Qh8+
1-0

[Event "Profesional"]
[Site "SchemingMind.com"]
[Date "2009.08.18"]
[Round "-"]
[White "harijs"]
[Black "marble"]
[Result "1-0"]
[WhiteCountry "LAT"]
[BlackCountry "ENG"]
[WhiteElo "2032"]
[WhiteRD "108"]
[BlackElo "1831"]
[BlackRD "68"]
[GameID "216232"]

1. e4 c5 2. Nf3 g6 3. d4 cxd4 4. Nxd4 Bg7 5. Nc3 d6 6. Be3 Nf6 7. h3 O-O 8. Bd3 Nc6 9. O-O Bd7 10. Nf3 Rc8
11. Qd2 Be6 12. Rfd1 Qa5 13. a3 a6 14. Ng5 Bd7 15. f4 h6 16. Nf3 e5 17. f5 gxf5 18. exf5 Rfe8 19. Bxh6 e4 20. Qg5 Kf8
21. Bxg7+ Ke7 22. Qxf6#
1-0

[Event "Profesional"]
[Site "SchemingMind.com"]
[Date "2009.08.21"]
[Round "-"]
[White "zolex88"]
[Black "marble"]
[Result "1-0"]
[WhiteCountry "HUN"]
[BlackCountry "ENG"]
[WhiteElo "1910"]
[WhiteRD "75"]
[BlackElo "1885"]
[BlackRD "70"]
[GameID "216948"]

1. c4 f5 2. g3 e6 3. Bg2 Nf6 4. Nf3 Nc6 5. Nc3 Be7 6. d4 d5 7. Ne5 O-O 8. O-O Ne4 9. Nxc6 bxc6 10. Nxe4 fxe4
11. Bf4 Ba6 12. cxd5 cxd5 13. Bh3 Bc8 14. Rc1 Bd6 15. Bxd6 Qxd6 16. Kh1 Rb8 17. Rc2 e5 18. Bg2 Rb5 19. Qc1 Rf7 20. Qg5 exd4
21. Bxe4 Bh3 22. Bg2 Bxg2+ 23. Kxg2= c5 24. Rfc1 c4= 25. Rxc4 Rxb2 26. Rc8+ Rf8 27. R1c6 Qd7 28. R6c7 h6 29. Rxf8+ Kh7 30. Qc1 Qb5
31. Qf4 Qa6 32. Rxg7+
1-0

[Event "Profesional"]
[Site "SchemingMind.com"]
[Date "2009.08.21"]
[Round "-"]
[White "zolex88"]
[Black "MichaelDV"]
[Result "0-1"]
[WhiteCountry "HUN"]
[BlackCountry "SWE"]
[WhiteElo "1935"]
[WhiteRD "74"]
[BlackElo "2412"]
[BlackRD "66"]
[GameID "216949"]

1. e4 c5 2. Nc3 e6 3. Nf3 Nc6 4. d4 cxd4 5. Nxd4 Qc7 6. Be3 a6 7. Qd2 Nf6 8. O-O-O Bb4 9. f3 Na5 10. Nb3 Nxb3+
11. cxb3 d5 12. Bg5 dxe4 13. Bxf6 gxf6 14. fxe4 Bd7 15. Qd4= Be7 16. Be2 O-O-O 17. Kb1 Bc6 18. Qa7 Qa5 19. Qf2 Qe5 20. Rxd8+ Rxd8
21. Qh4 Bb4 22. Rc1 f5 23. Bf3 Bxc3 24. Rxc3 fxe4 25. Bxe4 Rd4 26. Qxh7 Qxe4+ 27. Qxe4 Rxe4
0-1

[Event "Profesional"]
[Site "SchemingMind.com"]
[Date "2009.08.21"]
[Round "-"]
[White "zolex88"]
[Black "andu"]
[Result "0-1"]
[WhiteCountry "HUN"]
[BlackCountry "AUT"]
[WhiteElo "1910"]
[WhiteRD "75"]
[BlackElo "1957"]
[BlackRD "51"]
[GameID "216950"]

1. e4 c5 2. Nf3 e6 3. d4 cxd4 4. Nxd4 a6 5. Bd3 Bc5 6. Nb3 Bb6 7. Qe2 Nc6 8. Nc3 d6 9. Be3 Nf6 10. O-O O-O
11. Qd2 Bxe3 12. Qxe3 e5 13. Bc4 Bd7 14. Rad1 b5 15. Bd5 Rc8 16. Rd2 Ne7 17. a3 a5 18. Rfd1 b4 19. axb4 axb4 20. Na2 Nexd5
21. exd5 Rc4 22. c3 Ba4 23. cxb4 Qa8 24. Qh3 Rfc8 25. Qe3 Ne4 26. Re2 Qa6 27. f3 f5 28. g3= Ng5 29. h4 Rxh4 30. gxh4 f4
31. Qd3 Bb5 32. Qf5 Bxe2 33. hxg5 Bxd1 34. Qe6+ Kh8 35. Nd2 Ra8 36. Nc3 Be2
0-1

[Event "Profesional"]
[Site "SchemingMind.com"]
[Date "2009.08.21"]
[Round "-"]
[White "zolex88"]
[Black "harijs"]
[Result "1/2-1/2"]
[WhiteCountry "HUN"]
[BlackCountry "LAT"]
[WhiteElo "1929"]
[WhiteRD "76"]
[BlackElo "1963"]
[BlackRD "99"]
[GameID "216951"]

1. c4 Nf6 2. d4 g6 3. Nc3 Bg7 4. g3 c6 5. Bg2 d5 6. cxd5 cxd5 7. Nf3 O-O 8. Ne5 Nc6 9. O-O Be6 10. Nxc6 bxc6
11. Bf4 Nh5 12. Bg5 Rb8 13. Qa4 Qd7 14. b3 Rfd8 15. Rac1 h6 16. Be3= Nf6 17. f3 Qb7 18. Bf4 Rbc8 19. Rfd1 c5 20. dxc5 Rxc5
21. Be3 Rc6 22. Qxa7 Qxa7 23. Bxa7 Rdc8 24. Bd4 Nh5 25. Bxg7= Kxg7 26. e4 Rxc3 27. Rxc3 Rxc3 28. exd5 Bd7 29. f4 g5 30. fxg5 hxg5
31. d6 exd6 32. Rxd6 Bb5 33. Rd1 Nf6 34. Re1 Rc2 35. a4 Bd3 36. Rd1 Ba6 37. b4 Be2 38. Rb1= Ng4 39. a5 Ne3 40. Bb7 Bb5
41. Ra1 Rb2 42. a6 Bxa6=
1/2-1/2

[Event "Profesional"]
[Site "SchemingMind.com"]
[Date "2009.08.21"]
[Round "-"]
[White "MichaelDV"]
[Black "zolex88"]
[Result "1-0"]
[WhiteCountry "SWE"]
[BlackCountry "HUN"]
[WhiteElo "2412"]
[WhiteRD "66"]
[BlackElo "1935"]
[BlackRD "74"]
[GameID "216954"]

1. d4 d5 2. c4 e6 3. Nf3 c6 4. e3 Nf6 5. b3 Nbd7 6. Bb2 b6 7. Bd3 dxc4 8. bxc4 Bb7 9. O-O Be7 10. e4 Nh5
11. Re1 Nf4 12. Bf1 O-O 13. Nc3 Qc7 14. g3 Ng6 15. h4 e5 16. d5 Bc5 17. Na4 Bb4 18. Bc3 Be7 19. h5 Nh8 20. Qb3 Rad8
21. Rad1 Rfe8 22. Bh3 Bf8 23. Bb4 Nf6 24. Bxf8 Kxf8 25. h6 cxd5 26. hxg7+ Kxg7 27. cxd5 Ng6 28. Nc3 Qc5 29. Rc1 Qa5 30. Nd2 Bc8
31. Bxc8 Rxc8 32. Nc4 Qc5 33. Nb5 a6 34. Nbd6 b5 35. Nxe8+ Nxe8 36. Nxe5 Qxc1 37. Rxc1 Rxc1+ 38. Kg2 Rc7 39. Nc6 Nf6 40. e5 Nd7
41. Qa3 Nb6 42. Qd6 Nxd5 43. Qxd5 Ne7= 44. Nxe7
1-0

[Event "Profesional"]
[Site "SchemingMind.com"]
[Date "2009.08.21"]
[Round "-"]
[White "andu"]
[Black "zolex88"]
[Result "1-0"]
[WhiteCountry "AUT"]
[BlackCountry "HUN"]
[WhiteElo "1892"]
[WhiteRD "50"]
[BlackElo "1897"]
[BlackRD "76"]
[GameID "216955"]

1. d4 d5 2. c4 c6 3. Nf3 Nf6 4. Nc3 e6 5. e3 Nbd7 6. Bd3 dxc4 7. Bxc4 b5 8. Bd3 Bb7 9. O-O a6 10. a4 b4
11. Ne4 c5 12. Nfg5 Qc7 13. Bd2 h6 14. Nxf6+ Nxf6 15. Nf3 Ne4 16. Rc1 Qa5 17. Be1 cxd4 18. Nxd4 Bd6 19. Bxe4 Bxe4 20. f3 Bg6
21. Nxe6 Qe5= 22. Nxg7+ Kf8 23. f4 Qxe3+ 24. Bf2 Qxf4 25. Ne6+ fxe6 26. Bd4 Ke7 27. Rxf4 Bxf4 28. Qf3 Rac8 29. Qb7+ Kd6 30. Rxc8
1-0

[Event "Profesional"]
[Site "SchemingMind.com"]
[Date "2009.08.21"]
[Round "-"]
[White "harijs"]
[Black "zolex88"]
[Result "1/2-1/2"]
[WhiteCountry "LAT"]
[BlackCountry "HUN"]
[WhiteElo "1963"]
[WhiteRD "99"]
[BlackElo "1929"]
[BlackRD "76"]
[GameID "216956"]

1. e4 e5 2. Nf3 Nc6 3. Bc4 Bc5 4. c3 Nf6 5. b4 Bb6 6. d3 d6 7. h3 O-O 8. Nbd2 d5 9. Bb3 dxe4 10. Nxe4 Bf5=
11. Qe2 Nxe4 12. dxe4 Bd7 13. a4 a6 14. O-O Qf6 15. a5 Ba7 16. Rd1 Bc8 17. Ra2 Qg6 18. Kh2 Be6 19. Bxe6 Qxe6 20. Rd5 Rfd8
21. Rxd8+ Rxd8 22. Rd2 Rxd2 23. Qxd2 f6 24. Kg3 h5 25. Nh4 Qc4 26. Nf5 Kf8 27. Qd7 Qxc3+ 28. Be3 Bxe3 29. fxe3 Qxb4 30. Qxg7+ Ke8
31. Qxc7 h4+ 32. Kxh4 Qxe4+ 33. g4 Qd5 34. Nd6+ Kf8 35. Qd7 Qg8 36. Qxb7 Qg5+ 37. Kg3 Qxe3+ 38. Kh4 Qh6+ 39. Kg3 Qf4+ 40. Kh4= Qg5+
41. Kg3 Qf4+=
1/2-1/2

[Event "Profesional"]
[Site "SchemingMind.com"]
[Date "2009.08.24"]
[Round "-"]
[White "Saiidcd"]
[Black "marble"]
[Result "1-0"]
[WhiteCountry "LBN"]
[BlackCountry "ENG"]
[WhiteElo "2229"]
[WhiteRD "98"]
[BlackElo "1831"]
[BlackRD "68"]
[GameID "217219"]

1. e4 c5 2. Nf3 g6 3. d4 cxd4 4. Qxd4 Nf6 5. e5 Nc6 6. Qa4 Nd5 7. Qe4 e6 8. Bc4 d6 9. Bg5 f6 10. exf6 Nxf6
11. Qh4 Bg7 12. Nc3 O-O 13. O-O d5 14. Bb3 Bd7 15. Rfe1 Qb6 16. Na4 Qb4 17. Qxb4 Nxb4 18. Nc5 b6 19. Nxd7 Nxd7 20. c3 Nd3
21. Rxe6 N3c5 22. Bxd5 Rac8 23. Be7 Rf7 24. Ng5 Nxe6 25. Bxe6 Ne5 26. Nxf7
1-0

[Event "Profesional"]
[Site "SchemingMind.com"]
[Date "2009.08.24"]
[Round "-"]
[White "Saiidcd"]
[Black "MichaelDV"]
[Result "1/2-1/2"]
[WhiteCountry "LBN"]
[BlackCountry "SWE"]
[WhiteElo "2246"]
[WhiteRD "95"]
[BlackElo "2411"]
[BlackRD "68"]
[GameID "217220"]

1. e4 c5 2. Nf3 e6 3. d4 cxd4 4. Nxd4 Nc6 5. Nc3 Qc7 6. f4 Nxd4 7. Qxd4 a6 8. Be3 b5 9. Be2 Bb7 10. O-O Rc8
11. Rad1 Nf6 12. Bf3 h5 13. h3 b4 14. Na4 Be7 15. Rd2 d5 16. exd5 Bxd5 17. Bxd5 Nxd5 18. Qxg7 Bf6 19. Qg3 h4 20. Qf3 Rg8
21. Bc5 Qa5 22. Rxd5 Qxa4 23. Rd2 Qb5 24. Bd4 Bxd4+= 25. Rxd4 Qb6 26. Rd1 Rc4 27. Qf2 Rxd4 28. Rxd4 f5 29. Rc4 Qb7 30. Qe2 Ke7
31. c3 bxc3 32. bxc3 Rg3 33. Qf2 Kf6 34. Kh2 Qd5 35. Rd4 Qc5 36. c4 a5 37. Qd2 a4 38. Rd7 Qe3 39. Qb2+ Qc3 40. Qe2 Qe3
41. Qf1 Kg6 42. Re7 Qe4 43. Qf2 Qxc4 44. Qa7 Rxg2+ 45. Kxg2 Qe4+ 46. Kf2=
1/2-1/2

[Event "Profesional"]
[Site "SchemingMind.com"]
[Date "2009.08.29"]
[Round "-"]
[White "Saiidcd"]
[Black "zolex88"]
[Result "1-0"]
[WhiteCountry "LBN"]
[BlackCountry "HUN"]
[WhiteElo "2246"]
[WhiteRD "95"]
[BlackElo "1929"]
[BlackRD "76"]
[GameID "217221"]

1. e4 c5 2. Nf3 Nc6 3. d4 cxd4 4. Nxd4 Nf6 5. Nc3 e5 6. Ndb5 d6 7. Bg5 a6 8. Na3 b5 9. Bxf6 gxf6 10. Nd5 f5
11. Bd3 Be6 12. O-O Bxd5 13. exd5 Ne7 14. c3 Bg7 15. Qh5 e4= 16. Bc2 Qc8 17. Rae1 O-O 18. Bb3 Ng6 19. Nc2 Nf4 20. Qg5 Nd3
21. Re3 h6 22. Qh5 Re8 23. f4 Qc5 24. h3 a5 25. Kh2 a4 26. Rg3 Kh8 27. Ne3 Rg8 28. Nxf5 Bf8 29. Nxh6 Rxg3 30. Ng4+ Kg8
31. Nf6+ Kg7 32. Kxg3 Qe3+ 33. Rf3 Qe1+ 34. Kh2
1-0

[Event "Profesional"]
[Site "SchemingMind.com"]
[Date "2009.08.24"]
[Round "-"]
[White "Saiidcd"]
[Black "andu"]
[Result "1-0"]
[WhiteCountry "LBN"]
[BlackCountry "AUT"]
[WhiteElo "2229"]
[WhiteRD "98"]
[BlackElo "2029"]
[BlackRD "49"]
[GameID "217222"]

1. e4 e5 2. Nf3 Nc6 3. Bb5 Nf6 4. O-O d6 5. d4 Bd7 6. Nc3 exd4 7. Nxd4 Be7 8. Bxc6 bxc6 9. h3 O-O 10. Be3 c5
11. Nb3 a5 12. a4 Qb8 13. Re1 Rd8 14. Bf4 Qb7 15. Qd3 Bc6 16. Nd5 Bxd5 17. exd5 Re8 18. c4 Qb6 19. Re2 Rab8 20. Ra3 Nd7
21. Qf5 Nf8 22. Bd2 Bf6 23. Bxa5 Qa6 24. Qc2 Rxe2 25. Qxe2 Rxb3 26. Rxb3 Qxa5 27. Qe8 Be5 28. g3 Qe1+ 29. Kg2 Qe4+ 30. Rf3 f6
31. b3 Qe1 32. Qa8 g5 33. Re3 Qd2 34. a5 h5 35. a6 Bd4 36. Rf3 Qe2 37. Qc8 Qe5 38. a7
1-0

[Event "Profesional"]
[Site "SchemingMind.com"]
[Date "2009.08.24"]
[Round "-"]
[White "marble"]
[Black "Saiidcd"]
[Result "0-1"]
[WhiteCountry "ENG"]
[BlackCountry "LBN"]
[WhiteElo "1831"]
[WhiteRD "68"]
[BlackElo "2229"]
[BlackRD "98"]
[GameID "217225"]

1. e4 c5 2. Nf3 d6 3. Nc3 Nf6 4. Bc4 e6 5. O-O a6 6. a4 Be7 7. d4 cxd4 8. Nxd4 Qc7 9. Bb3 O-O 10. Qd3 Nc6
11. Nxc6 bxc6 12. Qg3 g6 13. Bh6 Rd8 14. Bg5 Nh5 15. Qe3 Bxg5 16. Qxg5 e5 17. Qd2= Nf4 18. Ne2 Ne6 19. Bxe6 Bxe6 20. b3 d5
21. exd5 Rxd5 22. Qc3 Rad8 23. Qe3 Rd2 24. Rac1 Bf5 25. c3 R8d3
0-1

[Event "Profesional"]
[Site "SchemingMind.com"]
[Date "2009.08.24"]
[Round "-"]
[White "MichaelDV"]
[Black "Saiidcd"]
[Result "0-1"]
[WhiteCountry "SWE"]
[BlackCountry "LBN"]
[WhiteElo "2387"]
[WhiteRD "71"]
[BlackElo "2272"]
[BlackRD "93"]
[GameID "217226"]

1. d4 Nf6 2. Nf3 d6 3. c4 g6 4. Nc3 Bg7 5. e4 O-O 6. Be2 e5 7. O-O Nc6 8. d5 Ne7 9. b4 Nh5 10. Re1 f5
11. Ng5 Nf6 12. Bf3 c6 13. Bb2 h6 14. Ne6 Bxe6 15. dxe6 fxe4 16. Nxe4 Nxe4 17. Rxe4 Nf5 18. b5 Rc8 19. Qa4 Qb6 20. Rd1 Rfe8
21. Rg4 Rxe6 22. Qb3 Qc7 23. c5 d5 24. Rxd5 Qf7 25. bxc6 bxc6 26. Rd1 Nd4 27. Bxd4 exd4 28. Re4 Rxe4 29. Bxe4 Qxb3= 30. axb3 g5
31. Kf1 Kf8 32. b4 Rb8 33. Rb1 d3 34. Bxd3 Bc3 35. b5 cxb5 36. Rxb5 Rxb5 37. Bxb5 Ke7 38. h4 Bd4 39. c6 Kd6 40. hxg5 hxg5
41. Ke2 Kc7 42. g3 Bc5 43. f4 gxf4 44. gxf4 Bd6 45. f5 a6 46. Ba4 Kd8 47. f6 Be5 48. f7 Ke7 49. Bb3 a5 50. Ke3 a4
51. Be6 a3 52. Ke4 Bd6 53. Bd5 Kd8 54. Kd4 Kc7 55. Kc3 Kd8 56. Kb3 Kc8 57. Ka4 Kc7 58. Kb3 Kc8
0-1

[Event "Profesional"]
[Site "SchemingMind.com"]
[Date "2009.08.29"]
[Round "-"]
[White "zolex88"]
[Black "Saiidcd"]
[Result "0-1"]
[WhiteCountry "HUN"]
[BlackCountry "LBN"]
[WhiteElo "1929"]
[WhiteRD "76"]
[BlackElo "2246"]
[BlackRD "95"]
[GameID "217227"]

1. e4 d6 2. d4 Nf6 3. Nc3 g6 4. Bg5 Bg7 5. Qd2 h6 6. Bh4 Nbd7 7. O-O-O g5 8. Bg3 Nh5 9. e5 Nxg3 10. hxg3 dxe5
11. dxe5 Bxe5 12. Bc4 Bg7 13. f4 e6 14. Nf3 Qe7 15. fxg5 hxg5 16. Nxg5 Rxh1 17. Rxh1 Nb6 18. Be2 Bd7 19. Bh5 Nc4 20. Qf4 O-O-O
21. Qxc4 Qxg5+ 22. Qf4 Qa5 23. Kb1= f5 24. Qc4 Rh8 25. Rh3 Qb6 26. Bd1 Qg1 27. Rxh8+ Bxh8 28. Qe2 e5 29. Qc4 Bf6 30. Qf7 Bd8
31. Qd5 Qe1 32. Ne2 e4 33. a3 c6 34. Qd4 b6 35. Kc1= Bg5+ 36. Kb1 Bd2 37. Qg1 Qxg1 38. Nxg1 Be1 39. Ne2 Kc7 40. c3 c5
41. Kc1 Kd6 42. Bc2 Ke5 43. Kd1 Bf2 44. c4 e3
0-1